The Handbook of artificial intelligence. : Vol. 3

Saved in:
Bibliographic Details
Main Author: Cohen, P.R (Author)
Other Authors: Feigenbaum, Edward A (Compiler)
Format: Book
Language:English
Published: London : Pitman Publishing, 1984
Tags: Add Tag
No Tags, Be the first to tag this record!

MARC

LEADER 00000nam a22000003a 4500
001 stu87675
005 20150617225627.0
008 040610s1984------------------------eng-d
040 |a STU  |b slo 
041 0 |a eng 
100 1 |a Feigenbaum, Edward A  |4 com 
245 1 |a The Handbook of artificial intelligence. :  |b Vol. 3 
260 |a London :  |b Pitman Publishing,  |c 1984 
700 1 |a Cohen, P.R.  |4 aut 
996 |c I*13UI2978  |l I  |s A  |a 24  |w stu87675_0001